Economics for Business / (Record no. 16134)
[ view plain ]
| 000 -LEADER | |
|---|---|
| fixed length control field | 02742cam a22003858a 4500 |
| 001 - CONTROL NUMBER | |
| control field | 16048828 |
| 005 - DATE AND TIME OF LATEST TRANSACTION | |
| control field | 20110721080302.0 |
| 008 - FIXED-LENGTH DATA ELEMENTS--GENERAL INFORMATION | |
| fixed length control field | 100111s2010 nyu 000 0 eng |
| 010 ## - LIBRARY OF CONGRESS CONTROL NUMBER | |
| LC control number | 2010000884 |
| 020 ## - INTERNATIONAL STANDARD BOOK NUMBER | |
| International Standard Book Number | 0273722336 |
| 020 ## - INTERNATIONAL STANDARD BOOK NUMBER | |
| International Standard Book Number | 9780273722335 |
| 040 ## - CATALOGING SOURCE | |
| Original cataloging agency | DLC |
| Transcribing agency | DLC |
| 050 00 - LIBRARY OF CONGRESS CALL NUMBER | |
| Classification number | HB171.5 |
| Item number | .S6353 2010 |
| 082 00 - DEWEY DECIMAL CLASSIFICATION NUMBER | |
| Classification number | 330 |
| Edition number | 22 |
| Item number | SLO |
| 100 1# - MAIN ENTRY--PERSONAL NAME | |
| Personal name | Sloman, John, |
| Dates associated with a name | 1947- |
| 9 (RLIN) | 27496 |
| 245 10 - TITLE STATEMENT | |
| Title | Economics for Business / |
| Statement of responsibility, etc | John Sloman and Kevin Hinde. |
| 250 ## - EDITION STATEMENT | |
| Edition statement | 5th ed. |
| 260 ## - PUBLICATION, DISTRIBUTION, ETC. (IMPRINT) | |
| Place of publication, distribution, etc | Harrow, England ; |
| -- | New York : |
| Name of publisher, distributor, etc | Financial Times/Prentice Hall, 2010 |
| Date of publication, distribution, etc | 2010. |
| 300 ## - PHYSICAL DESCRIPTION | |
| Extent | p. cm. |
| 505 0# - FORMATTED CONTENTS NOTE | |
| Formatted contents note | The business environment and business economics -- Economics and the world of business -- Business organisations -- The working of competitive markets -- Business in a market environment -- Demand and the consumer -- Demand and the firm -- Products, marketing and advertising -- Costs of production -- Revenue and profit -- Profit maximisation under perfect competition and monopoly -- Profit maximisation under imperfect competition -- An introduction to business strategy -- Alternative theories of the firm -- Growth strategy -- The small-firm sector -- Pricing strategy -- Labour markets, wages, and industrial relations -- Investment and the employment of capital -- Reasons for government intervention in the market -- Government and the firm -- Government and the market -- Globalisation and multinational business -- International trade -- Trading blocs -- The macroeconomic environment of business -- The balance of payments and exchange rates -- Banking, money and interest rates -- Business activity, employment and inflation -- Demand-side policy -- Supply-side policy -- International economic policy. |
| 650 #0 - SUBJECT ADDED ENTRY--TOPICAL TERM | |
| Topical term or geographic name as entry element | Economics. |
| 9 (RLIN) | 27497 |
| 650 #0 - SUBJECT ADDED ENTRY--TOPICAL TERM | |
| Topical term or geographic name as entry element | Business. |
| 9 (RLIN) | 27498 |
| 650 #0 - SUBJECT ADDED ENTRY--TOPICAL TERM | |
| Topical term or geographic name as entry element | Commerce. |
| 9 (RLIN) | 27499 |
| 650 #0 - SUBJECT ADDED ENTRY--TOPICAL TERM | |
| Topical term or geographic name as entry element | Managerial economics. |
| 9 (RLIN) | 27500 |
| 653 ## - INDEX TERM--UNCONTROLLED | |
| Resource For college | |
| Arrived date list | October2011 |
| 700 1# - ADDED ENTRY--PERSONAL NAME | |
| Personal name | Hinde, Kevin. |
| 9 (RLIN) | 27501 |
| 856 ## - ELECTRONIC LOCATION AND ACCESS | |
| Materials specified | Online resources |
| Uniform Resource Identifier | <a href="http://www.pearsoned.co.uk/sloman">http://www.pearsoned.co.uk/sloman</a> |
| Public note | For obtaining access codes, please cal the libray on Ext. 1372 |
| 942 ## - ADDED ENTRY ELEMENTS (KOHA) | |
| Source of classification or shelving scheme | Dewey Decimal Classification |
| Item type | Book - Borrowing |
| Withdrawn status | Item status | Source of classification or shelving scheme | Damaged status | Not for loan | Vendor | Home library | Current library | Shelving location | Date acquired | Source of acquisition | Total Checkouts | Full call number | Barcode | Date last seen | Date last borrowed | Koha item type | Total Renewals |
|---|---|---|---|---|---|---|---|---|---|---|---|---|---|---|---|---|---|
| Dewey Decimal Classification | Baccah | Central Library | Central Library | First floor | 11/10/2011 | 3 | 330 SLO | 000025333 | 15/07/2025 | 28/03/2019 | Book - Borrowing | ||||||
| Dewey Decimal Classification | Baccah | Central Library | Central Library | First floor | 11/10/2011 | 4 | 330 SLO | 000025334 | 15/07/2025 | 29/02/2020 | Book - Borrowing | 15 | |||||
| Dewey Decimal Classification | Baccah | Central Library | Central Library | First floor | 11/10/2011 | 2 | 330 SLO | 000025335 | 15/07/2025 | 08/05/2016 | Book - Borrowing | ||||||
| Dewey Decimal Classification | Baccah | Central Library | Central Library | First floor | 11/10/2011 | 1 | 330 SLO | 000025336 | 15/07/2025 | 22/11/2015 | Book - Borrowing | ||||||
| Dewey Decimal Classification | Baccah | Central Library | Central Library | First floor | 11/10/2011 | 2 | 330 SLO | 000025337 | 15/07/2025 | 12/05/2019 | Book - Borrowing | 3 |